[Event "Tatry op"]
[Site "Tatranske Zruby"]
[Date "2013.10.04"]
[Round "7"]
[White "Pcola, Pavol"]
[Black "Kubik, Michael"]
[Result "1-0"]
[WhiteElo "2387"]
[BlackElo "2157"]
[PlyCount "69"]
[EventDate "2013.09.29"]
[EventType "swiss"]
[EventRounds "9"]
[EventCountry "SVK"]
[SourceTitle "CBM 156 Extra"]
[Source "ChessBase"]
[SourceDate "2013.10.22"]
[SourceVersion "1"]
[SourceVersionDate "2013.10.22"]
[SourceQuality "1"]

1. Nf3 c5 2. g3 g6 3. Bg2 Bg7 4. 0-0 Nc6 5. c3 Nf6 6. d4 cxd4 7. Nxd4 0-0 8. e4 Qc7 9. Be3 d6 10. h3 Bd7 11. a4 a6 12. Na3 Na5 13. Rc1 Nc4 14. Nxc4 Qxc4 15. b3 Qc8 16. Kh2 e5 17. Ne2 Bc6 18. Qd3 b5 19. axb5 axb5 20. c4 Qb7 21. Nc3 b4 22. Nd5 Rfd8 23. Bg5 Bxd5 24. cxd5 Rdc8 25. Rxc8+ Rxc8 26. Rc1 Ra8 27. Rc4 Nd7 28. Qd2 Rb8 29. Qc2 Nc5 30. Bd2 Na6 31. h4 Bf8 32. Bh3 Qa7 33. Kg2 Qb7 34. Bc8 Qa7 35. Qa2 1-0

[Event "Tatry op"]
[Site "Tatranske Zruby"]
[Date "2013.10.02"]
[Round "5"]
[White "Steiner, Bruno"]
[Black "Pcola, Pavol"]
[Result "0-1"]
[WhiteElo "2143"]
[BlackElo "2387"]
[PlyCount "94"]
[EventDate "2013.09.29"]
[EventType "swiss"]
[EventRounds "9"]
[EventCountry "SVK"]
[SourceTitle "CBM 156 Extra"]
[Source "ChessBase"]
[SourceDate "2013.10.22"]
[SourceVersion "1"]
[SourceVersionDate "2013.10.22"]
[SourceQuality "1"]

1. c4 e6 2. g3 d5 3. Bg2 Nf6 4. Nf3 dxc4 5. Qa4+ Nbd7 6. Qxc4 c5 7. 0-0 b6 8. d3 Bb7 9. b3 Be7 10. Bb2 0-0 11. Nbd2 Qc7 12. Rac1 Rad8 13. b4 Qb8 14. b5 Ne8 15. Qb3 Bf6 16. Nc4 Nd6 17. Nxd6 Qxd6 18. Rfd1 Bd5 19. Qa3 Bxb2 20. Qxb2 e5 21. Ne1 Bxg2 22. Nxg2 Rfe8 23. Ne3 Nf6 24. Nf5 Qd7 25. e4 g6 26. Ne3 Qh3 27. Qe2 Rd4 28. Rf1 Qd7 29. Rcd1 Qxb5 30. Qf3 Kg7 31. g4 h6 32. h4 Qd7 33. Kg2 Rd8 34. Rh1 Rxd3 35. Rxd3 Qxd3 36. Rd1 c4 37. Rxd3 Rxd3 38. Qe2 Rd4 39. g5 hxg5 40. hxg5 Nh5 41. Kf3 Nf4 42. Qb2 Ne6 43. Qb5 Nxg5+ 44. Kg2 Rxe4 45. Nxc4 Rg4+ 46. Kf1 Nf3 47. Ne3 Rg1+ 0-1

[Event "Tatry op"]
[Site "Tatranske Zruby"]
[Date "2013.10.01"]
[Round "4"]
[White "Pcola, Pavol"]
[Black "Vul, Arkadi Eremeevich"]
[Result "0-1"]
[WhiteElo "2387"]
[BlackElo "2287"]
[PlyCount "44"]
[EventDate "2013.09.29"]
[EventType "swiss"]
[EventRounds "9"]
[EventCountry "SVK"]
[SourceTitle "CBM 156 Extra"]
[Source "ChessBase"]
[SourceDate "2013.10.22"]
[SourceVersion "1"]
[SourceVersionDate "2013.10.22"]
[SourceQuality "1"]

1. c4 e6 2. g3 Nf6 3. Bg2 d5 4. Nf3 Be7 5. 0-0 0-0 6. b3 b6 7. Bb2 Bb7 8. e3 c5 9. Nc3 dxc4 10. bxc4 Nc6 11. Qe2 Nb4 12. d4 cxd4 13. exd4 Rc8 14. a3 Bxf3 15. Bxf3 Nc6 16. Rfd1 Nxd4 17. Rxd4 Qxd4 18. Nd5 Qc5 19. Bxf6 Bxf6 20. Nxf6+ gxf6 21. Be4 Qe5 22. Re1 f5 0-1

[Event "SVK-chT2D 1213"]
[Site "Slovakia"]
[Date "2012.12.16"]
[Round "6.3"]
[White "Pejko, Otomar"]
[Black "Pcola, Pavol"]
[Result "1/2-1/2"]
[WhiteElo "2108"]
[BlackElo "2393"]
[PlyCount "84"]
[EventDate "2012.10.13"]
[EventType "team-tourn"]
[EventRounds "11"]
[EventCountry "SVK"]
[SourceTitle "EXT 2015"]
[Source "ChessBase"]
[SourceDate "2014.11.20"]
[SourceVersion "1"]
[SourceVersionDate "2014.11.20"]
[SourceQuality "1"]
[WhiteTeam "Kosice Slavia UPJS III"]
[BlackTeam "Humenne"]
[WhiteTeamCountry "SVK"]
[BlackTeamCountry "SVK"]

1. Nf3 d5 2. c4 c6 3. g3 Nf6 4. Bg2 e6 5. b3 Be7 6. Bb2 Nbd7 7. 0-0 0-0 8. Qc2 b6 9. cxd5 cxd5 10. Nd4 Bb7 11. d3 Rc8 12. Qd2 Nc5 13. Nc3 Qd7 14. Nf3 Bd6 15. d4 Nce4 16. Nxe4 Nxe4 17. Qd3 Qe7 18. a3 Rc7 19. b4 Rfc8 20. Rfc1 Rxc1+ 21. Rxc1 Rxc1+ 22. Bxc1 Qc7 23. Bb2 f6 24. Ne1 Be7 25. Bh3 Bc8 26. Qd1 Kf7 27. e3 g6 28. Bf1 Bd7 29. Bd3 Nd6 30. Qe2 Ba4 31. h4 Qc6 32. h5 Bb5 33. hxg6+ hxg6 34. Qc2 Qxc2 35. Bxc2 Nc4 36. Bc1 a5 37. Nd3 axb4 38. Nxb4 f5 39. f3 Bd6 40. Kf2 Kf6 41. Bb3 g5 42. Bc2 Be7 1/2-1/2